| 000 | 00592nam a22002057a 4500 | ||
|---|---|---|---|
| 003 | OSt | ||
| 008 | 260504b |||||||| |||| 00| 0 eng d | ||
| 082 |
_a633.18 _bS33N |
||
| 100 | _aSharma, Rajendra Prasad. | ||
| 245 |
_aNitrogen and Weed Management Studies in Upland Direct-Seeded Rainfed Rice / _cby Rajendra Prasad Sharma |
||
| 260 |
_a.- Sabour, Bhagalpur _b: Bihar Agricultural College, RAU _c, 1990 |
||
| 300 | _a227p. | ||
| 502 |
_bPh. D. _d1990 |
||
| 650 | _aAgronomy | ||
| 650 | _aWeed Management | ||
| 650 | _aRice | ||
| 650 | _aThesis | ||
| 650 | _aPh. D. | ||
| 942 |
_2ddc _cT |
||
| 999 |
_c50376 _d50376 |
||